Intermediate means of transport in Sub-Saharan Africa : (Record no. 542087)

000 -LEADER
fixed length control field 00772pam a2200193 a 4500
020 ## - INTERNATIONAL STANDARD BOOK NUMBER
International Standard Book Number 0821319515
082 00 - DEWEY DECIMAL CLASSIFICATION NUMBER
Classification number 388/.0967
Author Mark RIV
-- D
100 1# - MAIN ENTRY--PERSONAL NAME
Personal name Riverson, J. D. N.
9 (RLIN) 37185
245 10 - TITLE STATEMENT
Title Intermediate means of transport in Sub-Saharan Africa :
Remainder of title its potential for improving rural travel and transport /
Statement of responsibility, etc. John D.N. Riverson, Steve Carapetis.
260 ## - PUBLICATION, DISTRIBUTION, ETC.
Place of publication, distribution, etc. Washington, D.C. :
Name of publisher, distributor, etc. World Bank,
Date of publication, distribution, etc. c1991.
300 ## - PHYSICAL DESCRIPTION
Extent 27 p. ;
Dimensions 27 cm.
490 1# - SERIES STATEMENT
Series statement World Bank technical paper,
-- Africa Technical Department series
526 ## - STUDY PROGRAM INFORMATION NOTE
Program name 0
Interest level 0
Reading level 0
Title point value 388_096700000000000_RIV
526 ## - STUDY PROGRAM INFORMATION NOTE
Program name 0
Interest level 0
Reading level 0
Title point value 388_096700000000000_RIV
650 #0 - SUBJECT ADDED ENTRY--TOPICAL TERM
Topical term or geographic name entry element Rural roads
Geographic subdivision Africa, Sub-Saharan.
9 (RLIN) 37186
650 #0 - SUBJECT ADDED ENTRY--TOPICAL TERM
Topical term or geographic name entry element Rural transit
Geographic subdivision Africa, Sub-Saharan.
9 (RLIN) 37187
700 1# - ADDED ENTRY--PERSONAL NAME
Personal name Carapetis, S.,
9 (RLIN) 37188
942 ## - ADDED ENTRY ELEMENTS (KOHA)
Source of classification or shelving scheme
Koha item type Book
Holdings
Withdrawn status Lost status Source of classification or shelving scheme Damaged status Not for loan Permanent Location Current Location Date acquired Total Checkouts Full call number Barcode Date last seen Copy number Price effective from Koha item type
          Military College of Engineering (MCE) Military College of Engineering (MCE) 09/19/2013   388/.0967 RIV MCE-42681 09/19/2013 1 09/19/2013 Book
          Military College of Engineering (MCE) Military College of Engineering (MCE) 03/05/2014   388/.0967 RIV MCE-42502 03/05/2014   03/05/2014 Book
© 2023 Central Library, National University of Sciences and Technology. All Rights Reserved.